[Event "Mechanics' Fall TNM; G/2"]
[Site "San Francisco"]
[Date "2016.11.22"]
[Round "6.41"]
[White "Robertson, Guy"]
[Black "Cowgill, Jackie"]
[Result "1-0"]
[WhiteElo "1439"]
[BlackElo "936"]
[PlyCount "49"]
[EventDate "2016.??.??"]

1. Nf3 Nf6 2. g3 Nc6 3. Bg2 e6 4. d3 d5 5. Nbd2 Be7 6. O-O O-O 7. e4 dxe4 8.
dxe4 e5 9. h3 Bd7 10. Re1 Rc8 11. c3 b5 12. a4 bxa4 13. Rxa4 a5 14. Ra1 Ra8 15.
Nc4 Re8 16. Nfxe5 Nxe5 17. Nxe5 Ra6 18. Qe2 Qc8 19. Nxd7 Nxd7 20. Be3 a4 21. f4
Nc5 22. Qc4 Rb6 23. Bxc5 Bxc5+ 24. Qxc5 Rxb2 25. Rxa4 {
and White went on to win.} 1-0

[Event "Mechanics' Fall TNM; G/2"]
[Site "San Francisco"]
[Date "2016.12.06"]
[Round "8.21"]
[White "Robertson, Guy"]
[Black "Mays, Jerry L"]
[Result "0-1"]
[WhiteElo "1439"]
[BlackElo "1876"]
[Annotator "Donaldson"]
[PlyCount "46"]
[EventDate "2016.??.??"]

1. Nf3 d5 2. d3 c5 3. Nbd2 Nc6 4. g3 g6 5. Bg2 Bg7 6. e4 Bg4 7. h3 Bxf3 8. Bxf3
Ne5 9. exd5 Nf6 10. O-O Nxd5 11. Bg2 O-O 12. Qe2 Rb8 13. Re1 e6 14. Nf1 Qb6 15.
Rb1 Nc6 (15... Nc3 16. bxc3 Qxb1 17. Bf4) 16. Ne3 Nd4 17. Qd1 Nxe3 18. Bxe3 Nf5
19. Bd2 Qc7 20. b3 Bd4 (20... Nxg3 21. fxg3 Qxg3 22. Qf3) 21. a4 $2 (21. Bf4 e5
$2 (21... Nd6) 22. Bd2) 21... Qxg3 22. Re2 (22. Qf3) 22... Nh4 23. Qf1 Nf3+ 0-1

[Event "Mechanics' Spring TNM; G/2"]
[Site "San Francisco"]
[Date "2016.03.22"]
[Round "2.35"]
[White "Robertson, Guy"]
[Black "Sherwood, Peter"]
[Result "0-1"]
[WhiteElo "1475"]
[BlackElo "1671"]
[Annotator "Sherwood"]
[PlyCount "56"]
[EventDate "2016.??.??"]

1. d4 Nf6 2. c4 g6 3. Nc3 d5 4. cxd5 Nxd5 5. e4 Nxc3 6. bxc3 Bg7 7. Be3 O-O 8.
Bc4 c5 9. Ne2 cxd4 10. cxd4 Nc6 11. O-O Na5 12. Bd3 b6 13. Qd2 Bb7 14. f3 Qd7
15. Rad1 Rac8 16. Bh6 Nc4 17. Bxc4 Rxc4 18. Bxg7 Kxg7 19. d5 Rfc8 20. Qb2+ Kg8
21. Rc1 Ba6 22. Rxc4 Rxc4 23. Rc1 Qc7 24. Rxc4 Qxc4 25. Ng3 Qc5+ 26. Kh1 (26.
Qf2 Qc1+ 27. Nf1 Qa1 $17) 26... h5 27. h4 (27. Ne2 Qf2 $19 ({or} 27... Bxe2 28.
Qxe2 $4 Qc1+ $19)) 27... Qd6 28. Qd2 $2 ({expecting} 28. Ne2 Bxe2 29. Qxe2 Qg3
$15 30. Qa6 Qxh4+ 31. Kg1 Qe1+ 32. Kh2 h4 $1 33. Qxa7 Qg3+ 34. Kh1 h3 35. gxh3
Qxh3+ 36. Kg1 Qg3+ 37. Kf1 Qxf3+ $17) 28... Qxg3 0-1

[Event "Mechanics' Alan Benson TNM; G/2"]
[Site "San Francisco"]
[Date "2016.09.20"]
[Round "8.24"]
[White "Royzen, Igor"]
[Black "Allen, Tom Carter"]
[Result "1-0"]
[WhiteElo "1867"]
[BlackElo "1410"]
[PlyCount "26"]
[EventDate "2016.??.??"]

1. d4 Nf6 2. Bf4 d6 3. e3 Nc6 4. Nf3 Bg4 5. Be2 Bxf3 6. Bxf3 Nd7 7. O-O g6 8.
c4 Bg7 9. Nc3 e5 10. dxe5 Ndxe5 11. Be2 O-O 12. Qd2 Qd7 13. Rad1 Rad8 {
White has a clear positional advantage but nothing beyond that. Black had
other obligations he had to attend to.} 1-0

[Event "Mechanics' Alan Benson TNM; G/2"]
[Site "San Francisco"]
[Date "2016.08.02"]
[Round "1.30"]
[White "Royzen, Igor"]
[Black "Baterdene, Jonathan"]
[Result "1-0"]
[WhiteElo "1867"]
[BlackElo "966"]
[PlyCount "45"]
[EventDate "2016.??.??"]

1. a3 e5 2. d4 d5 3. c3 c5 4. dxe5 Nc6 5. Nf3 h6 6. Bf4 Nge7 7. e3 a6 8. Bd3 c4
9. Bc2 Ng6 10. Bg3 Qe7 11. Qxd5 Be6 12. Qe4 Rd8 13. O-O f5 14. exf6 Qxf6 15.
Qxg6+ Qxg6 16. Bxg6+ Bf7 17. Bxf7+ Kxf7 18. Nbd2 g5 19. Nxc4 b5 20. Nce5+ Nxe5
21. Nxe5+ Kg8 22. Rad1 Re8 23. Ng6 1-0

[Event "Mechanics' Fall TNM; G/2"]
[Site "San Francisco"]
[Date "2016.10.18"]
[Round "1.33"]
[White "Royzen, Igor"]
[Black "Bayaraa, Bilguun"]
[Result "1-0"]
[WhiteElo "1871"]
[BlackElo "1127"]
[Annotator "Donaldson"]
[PlyCount "51"]
[EventDate "2016.??.??"]

1. d4 Nf6 2. c4 g6 3. Nc3 Bg7 4. Nf3 d6 5. Bg5 e6 $6 (5... O-O) 6. e3 Nc6 7.
Bd3 O-O 8. O-O b6 9. a3 Ba6 10. b4 Bb7 11. Qc2 Qd7 12. Rad1 d5 13. c5 bxc5 14.
bxc5 Rae8 15. Rb1 Bc8 16. Bb5 a6 17. Ne5 Qe7 18. Nxc6 Qd7 19. Ne5 Qd8 20. Bxe8
Rxe8 21. Ng4 h6 22. Nxh6+ Bxh6 23. Bxh6 Ng4 24. Bf4 Qf6 25. h3 e5 26. Bg3 1-0

[Event "Mechanics' Winter TNM; G/2"]
[Site "San Francisco"]
[Date "2016.02.16"]
[Round "7.19"]
[White "Royzen, Igor"]
[Black "Campers Jr, Willie"]
[Result "0-1"]
[WhiteElo "1879"]
[BlackElo "1669"]
[PlyCount "38"]
[EventDate "2016.??.??"]

1. d4 d5 2. Bf4 e6 3. e3 Nf6 4. Nd2 c6 5. Bd3 Be7 6. Ngf3 Nbd7 7. Ne5 O-O 8.
Qf3 c5 9. c3 Qb6 10. Rb1 Rd8 11. Qh3 Nf8 12. Ndf3 Ne4 13. Qh5 g6 14. Qh6 Bf6
15. g4 Bg7 16. Qh3 f6 17. Nc4 Qa6 18. Bc7 Re8 19. Nce5 Qxa2 0-1

[Event "Mechanics' Spring TNM; G/2"]
[Site "San Francisco"]
[Date "2016.03.15"]
[Round "1.29"]
[White "Royzen, Igor"]
[Black "Capdeville, Barry"]
[Result "1-0"]
[WhiteElo "1879"]
[BlackElo "1273"]
[PlyCount "99"]
[EventDate "2016.??.??"]

1. e4 e5 2. Nf3 d6 3. d4 Nd7 4. Nc3 Be7 5. Be3 Ngf6 6. h3 O-O 7. Qd2 exd4 8.
Nxd4 Nc5 9. Bd3 Nxd3+ 10. Qxd3 c5 11. Nde2 Be6 12. Nf4 Nd7 13. O-O-O Ne5 14.
Qe2 Bc4 15. Qd2 b5 16. Nfd5 Bxd5 17. Nxd5 Nc4 18. Nxe7+ Qxe7 19. Qd3 Qf6 20. c3
Nxe3 21. Qxe3 c4 22. Qd4 Qxd4 23. Rxd4 Rad8 24. Rhd1 Rfe8 25. Rxd6 Rxd6 26.
Rxd6 Kf8 27. f3 Ke7 28. Rd5 a6 29. Re5+ Kd7 30. Rxe8 Kxe8 31. Kd2 Kd7 32. Ke3
Kd6 33. Kd4 f6 34. f4 h5 35. g4 h4 36. a4 Ke6 37. axb5 axb5 38. Kc5 g5 39. fxg5
fxg5 40. Kxb5 Ke5 41. Kxc4 Kxe4 42. b4 Kf3 43. b5 Kg3 44. b6 Kxh3 45. b7 Kxg4
46. b8=Q h3 47. Qh2 Kh4 48. Kd4 g4 49. Qf2+ Kg5 50. Qg3 1-0

[Event "Mechanics' Spring TNM; G/2"]
[Site "San Francisco"]
[Date "2016.04.05"]
[Round "4.19"]
[White "Royzen, Igor"]
[Black "Cohee, James"]
[Result "1-0"]
[WhiteElo "1879"]
[BlackElo "1673"]
[PlyCount "59"]
[EventDate "2016.??.??"]

1. d4 d5 2. Bf4 Bf5 3. e3 c6 4. c4 e6 5. Nc3 Nf6 6. Qb3 Qb6 7. c5 Qxb3 8. axb3
Nbd7 9. b4 Be7 10. Nf3 h6 11. h3 O-O 12. b5 Ne4 13. bxc6 bxc6 14. Ba6 Nxc3 15.
bxc3 Bf6 16. Bb7 Nxc5 17. dxc5 Bxc3+ 18. Ke2 Bxa1 19. Bxa8 Rxa8 20. Rxa1 a5 21.
Nd4 Bg6 22. Nxc6 a4 23. Ne7+ Kf8 24. Nxg6+ fxg6 25. Kd3 a3 26. Kc3 Ra4 27. Kb3
Rc4 28. Rxa3 Kf7 29. Bd6 Kf6 30. Ra2 1-0

[Event "Mechanics' Winter TNM; G/2"]
[Site "San Francisco"]
[Date "2016.02.09"]
[Round "6.7"]
[White "Royzen, Igor"]
[Black "Doyle, Bryon"]
[Result "0-1"]
[WhiteElo "1879"]
[BlackElo "2203"]
[PlyCount "90"]
[EventDate "2016.??.??"]

1. d4 Nf6 2. Bf4 g6 3. e3 Bg7 4. Nf3 O-O 5. Be2 c5 6. c3 d6 7. h3 Nc6 8. O-O
cxd4 9. exd4 e5 10. dxe5 dxe5 11. Qxd8 Rxd8 12. Nxe5 Re8 13. Bb5 Rxe5 14. Bxe5
Nxe5 15. f4 Nc6 16. Na3 Be6 17. Bc4 Nd5 18. Rae1 Bf8 19. Nc2 Bc5+ 20. Kh1 Nce7
21. g4 h5 22. f5 gxf5 23. gxf5 Nxf5 24. Kh2 Bd6+ 25. Kg1 Nf4 26. Bxe6 fxe6 27.
Re4 Ng3 28. Rfxf4 Bxf4 29. Rxe6 Kf7 30. Re1 Re8 31. Rxe8 Kxe8 32. Kg2 Nf5 33.
Kf3 Bc1 34. b3 Bb2 35. c4 Nd4+ 36. Nxd4 Bxd4 37. Ke4 Bc5 38. Kd5 b6 39. Kc6 Ke7
40. Kb5 a5 41. a3 Kd6 42. b4 axb4 43. axb4 Bf2 44. Ka6 Kc6 45. b5+ Kc5 0-1

[Event "Mechanics' Winter TNM; G/2"]
[Site "San Francisco"]
[Date "2016.01.26"]
[Round "4.16"]
[White "Royzen, Igor"]
[Black "Dupree, Charles"]
[Result "1/2-1/2"]
[WhiteElo "1879"]
[BlackElo "1630"]
[PlyCount "61"]
[EventDate "2016.??.??"]

1. d4 Nf6 2. Bf4 e6 3. e3 c5 4. c3 b6 5. Nd2 Be7 6. Ngf3 Nc6 7. Bd3 Bb7 8. h3
d6 9. O-O O-O 10. a4 a6 11. Qe2 cxd4 12. exd4 Re8 13. Rad1 Qd7 14. Rfe1 h6 15.
Ne4 Nxe4 16. Qxe4 Bf6 17. Qh7+ Kf8 18. d5 Ne7 19. Qh8+ Ng8 20. dxe6 Rxe6 21.
Bh7 g5 22. Qxg8+ Ke7 23. Rxd6 Rxg8 24. Rxd7+ Kxd7 25. Bxg8 Bxf3 26. Rxe6 fxe6
27. Bxg5 Bxg5 28. gxf3 b5 29. axb5 axb5 30. Kf1 b4 31. cxb4 1/2-1/2

[Event "Mechanics' Alan Benson TNM; G/2"]
[Site "San Francisco"]
[Date "2016.08.16"]
[Round "3.23"]
[White "Royzen, Igor"]
[Black "Eastham, Asher Dan"]
[Result "1-0"]
[WhiteElo "1867"]
[BlackElo "1568"]
[Annotator "Donaldson"]
[PlyCount "71"]
[EventDate "2016.??.??"]

1. a3 e5 2. c3 d5 3. d4 Nc6 4. dxe5 Nxe5 5. Bf4 Ng6 6. Bg3 Nf6 7. Nd2 Bd6 8. e3
Bf5 9. Qa4+ c6 10. Ngf3 O-O 11. Be2 Re8 12. O-O Ne4 13. Nxe4 Bxe4 14. Rfd1 Ne5
15. Nxe5 Bxe5 16. Bxe5 Rxe5 17. Bd3 a6 18. Bxe4 Rxe4 19. Rd4 b5 20. Qb4 Qe7 21.
Rxe4 Qxe4 22. Qxe4 dxe4 23. Rd1 Kf8 24. Rd6 (24. Rd7) 24... Rc8 25. Rd7 (25. g4
$1 $16 {isolating Black's e-pawn.}) 25... a5 26. Kf1 Ke8 27. Ra7 a4 28. Ke2 Rd8
$11 29. Rb7 Rd7 (29... Rd5) 30. Rb6 Rd6 31. c4 $1 Kd7 $2 (31... bxc4 32. Rb4 c5
33. Rxc4 Rb6 34. Rxe4+ Kd7 35. Rxa4 Rxb2+ 36. Kf3 $14) 32. cxb5 cxb5 33. Rxb5
Rd3 34. Rb4 f5 35. Rxa4 Rb3 36. Rb4 1-0

[Event "Mechanics' Alan Benson TNM; G/2"]
[Site "San Francisco"]
[Date "2016.09.06"]
[Round "6.22"]
[White "Royzen, Igor"]
[Black "Sanguinetti, George"]
[Result "0-1"]
[WhiteElo "1867"]
[BlackElo "1900"]
[Annotator "Winslow,Elliott"]
[PlyCount "110"]
[EventDate "2016.??.??"]

1. d4 Nf6 2. Bf4 d6 3. e3 g6 4. h3 Bg7 5. Nf3 O-O 6. Be2 Nbd7 7. O-O Re8 8. c4
c5 9. Nc3 a6 10. Bh2 Qa5 11. Qc2 Rb8 12. a4 Ra8 13. d5 Nf8 14. e4 N6d7 15. Bd3
Bxc3 16. bxc3 f6 17. Nh4 Ne5 18. Be2 Qc7 19. f4 Nf7 20. Nf3 Rb8 21. a5 h6 22.
Bd3 Kg7 23. Rfe1 b6 24. e5 f5 25. e6 Nh8 26. axb6 Rxb6 27. Qa4 Rd8 28. Qa5 Rb7
29. Qxc7 Rxc7 30. Reb1 Bb7 31. Rb6 Ra8 32. Rab1 Ra7 33. Bc2 Nh7 34. Ba4 Nf6 35.
Nd2 g5 36. Bc2 {Diagram [#]} Bxd5 $5 {Black needs, or at least wants, air!} (
36... gxf4 37. Bxf5 Ng6 {is the "hedgehog defense" approach.}) 37. cxd5 (37.
fxg5 $1 hxg5 38. cxd5 Nxd5 39. Rb8 Nxc3 40. Re1) 37... Nxd5 38. Rb8 Nxc3 39.
Re1 Rcb7 40. Rxb7 Rxb7 41. fxg5 Rb2 42. Bxd6 Ng6 43. Bxf5 Rxd2 44. gxh6+ Kxh6
45. Bxg6 Kxg6 46. Bxe7 Ne2+ 47. Kh2 Nd4 48. Kh1 c4 49. Bb4 Re2 50. Rxe2 Nxe2
51. g4 c3 52. Kg2 c2 53. Bd2 a5 54. Kf2 a4 55. Kxe2 a3 {Diagram [#]} (55... a3
{0-1??} 56. h4 $3 a2 57. h5+ Kh7 58. e7 a1=Q 59. e8=Q Qd1+ 60. Ke3 c1=Q {
is **drawn** !! No matter where White puts his queen before taking on c1,
Black will find a perpetual or unwinnable Q+Ps v Q position. (At least
according to the tablebase, which I rather believe.) But in any case, it's
*White* who's trying to draw, not Black...}) 0-1

[Event "Mechanics' Spring TNM; G/2"]
[Site "San Francisco"]
[Date "2016.04.19"]
[Round "6.16"]
[White "Royzen, Igor"]
[Black "Walters, Kevin"]
[Result "0-1"]
[WhiteElo "1879"]
[BlackElo "1701"]
[PlyCount "78"]
[EventDate "2016.??.??"]

1. d4 f5 2. Nf3 Nf6 3. Bf4 e6 4. e3 Be7 5. h3 O-O 6. Nbd2 d6 7. Bh2 b6 8. Bd3
c5 9. c3 d5 10. Qe2 Nc6 11. O-O-O c4 12. Bc2 Bd7 13. g4 Ne4 14. gxf5 exf5 15.
Ne5 b5 16. Ndf3 b4 17. Nxc6 Bxc6 18. Ne5 Be8 19. f3 Nxc3 20. bxc3 bxc3 21. Nxc4
dxc4 22. Qxc4+ Bf7 23. d5 Qa5 24. Qa4 Ba3+ 25. Kb1 Qc5 26. Ka1 Kh8 27. Qd4 Bb2+
28. Kb1 Qb5 29. a4 Qb7 30. Ka2 Qe7 31. Kb3 Rab8+ 32. Bxb8 Rxb8+ 33. Kc4 Rb4+
34. Kd3 Rxd4+ 35. Kxd4 Ba3 36. Kxc3 Qxe3+ 37. Rd3 Qc5+ 38. Kd2 Bxd5 39. Bb3
Bxb3 0-1

[Event "Mechanics' Winter TNM; G/2"]
[Site "San Francisco"]
[Date "2016.01.12"]
[Round "2.1"]
[White "Royzen, Igor"]
[Black "Winslow, Elliott C"]
[Result "0-1"]
[WhiteElo "1879"]
[BlackElo "2311"]
[PlyCount "56"]
[EventDate "2016.??.??"]

1. d4 d6 2. Bf4 g6 3. e3 Bg7 4. Nf3 Nd7 5. Be2 e5 6. Bg3 Qe7 7. c4 f5 8. Nc3 c6
9. O-O Nh6 10. b4 O-O 11. Qb3 Nf7 12. c5 d5 13. Rad1 g5 14. dxe5 Ndxe5 15. Nd4
Ng6 16. Bh5 Nfe5 17. Bxe5 Nxe5 18. e4 fxe4 19. Nxe4 g4 20. f3 Nc4 21. Rfe1
Bxd4+ 22. Rxd4 Qe5 23. Rdd1 Qxh5 24. Qxc4 dxc4 25. Rd8 Rxd8 26. Nf6+ Kf7 27.
Nxh5 gxf3 28. Rf1 Bg4 0-1

[Event "Mechanics' Winter TNM; G/2"]
[Site "San Francisco"]
[Date "2016.01.05"]
[Round "1.17"]
[White "Rudyak, Felix"]
[Black "Brown, Nicholas M"]
[Result "1-0"]
[WhiteElo "1973"]
[BlackElo "1501"]
[Annotator "Donaldson"]
[PlyCount "45"]
[EventDate "2016.??.??"]

1. d4 d5 2. c4 e6 3. Nc3 Nf6 4. Bg5 Be7 5. e3 c6 6. Nf3 O-O 7. Bd3 dxc4 8. Bxc4
Nbd7 9. O-O c5 10. dxc5 Bxc5 11. Qc2 b6 12. Rad1 Qc7 13. Bf4 e5 14. Bg3 Bb7 15.
Ng5 Qc6 $2 (15... h6) 16. Bd5 Qc8 17. Bxb7 Qxb7 {Diagram #} 18. Rxd7 $5 (18.
Rd2 $16) 18... Qxd7 19. Bxe5 g6 $4 (19... h6 20. Bxf6 hxg5 21. Bxg5 $11) 20.
Bxf6 Be7 21. Nce4 Rac8 22. Bc3 f5 23. Qb3+ 1-0

[Event "Mechanics' Spring TNM; G/2"]
[Site "San Francisco"]
[Date "2016.03.15"]
[Round "1.23"]
[White "Rudyak, Felix"]
[Black "Donaldson, Kyle Ga"]
[Result "1-0"]
[WhiteElo "1953"]
[BlackElo "1434"]
[PlyCount "37"]
[EventDate "2016.??.??"]

1. d4 d5 2. c4 e6 3. Nc3 Nf6 4. Bg5 Be7 5. e3 O-O 6. Nf3 c5 7. cxd5 cxd4 8.
Nxd4 Nxd5 9. Bxe7 Nxc3 10. Bxd8 Nxd1 11. Be7 Re8 12. Ba3 Nxf2 13. Kxf2 Bd7 14.
Bb5 Nc6 15. Bxc6 bxc6 16. Rac1 Rac8 17. Rhd1 f5 18. Nxf5 exf5 19. Rxd7 1-0

[Event "Mechanics' Spring TNM; G/2"]
[Site "San Francisco"]
[Date "2016.04.12"]
[Round "5.10"]
[White "Rudyak, Felix"]
[Black "Melville, Cailen"]
[Result "0-1"]
[WhiteElo "1953"]
[BlackElo "1811"]
[PlyCount "60"]
[EventDate "2016.??.??"]

1. d4 e6 2. c4 b6 3. Nc3 Bb7 4. e4 Bb4 5. f3 f5 6. Bd3 Nc6 7. Nge2 fxe4 8. fxe4
Qh4+ 9. g3 Qe7 10. O-O Nf6 11. Bg5 O-O-O 12. e5 Nxe5 13. Be4 Nxc4 14. Bxb7+
Kxb7 15. Ne4 Rhf8 16. a3 Bd6 17. b3 Na5 18. b4 Nc6 19. Qd3 h6 20. Bxf6 gxf6 21.
Qf3 Kb8 22. Rab1 f5 23. Nc5 e5 24. Na6+ Kc8 25. d5 e4 26. Qb3 Ne5 27. Nd4 Kb7
28. Nc5+ Bxc5 29. bxc5 Qxc5 30. Qb4 Nf3+ 0-1

[Event "Mechanics' Winter TNM; G/2"]
[Site "San Francisco"]
[Date "2016.01.19"]
[Round "3.2"]
[White "Rudyak, Felix"]
[Black "Shaw, Tenzing Will"]
[Result "0-1"]
[WhiteElo "1973"]
[BlackElo "2287"]
[PlyCount "58"]
[EventDate "2016.??.??"]

1. d4 d5 2. c4 c6 3. Nf3 Nf6 4. Qc2 dxc4 5. Qxc4 Bf5 6. Nc3 e6 7. Bg5 Be7 8. e3
Nbd7 9. Qb3 O-O 10. Be2 b5 11. Nh4 Bg4 12. Nf3 b4 13. Na4 Qa5 14. Bxf6 Bxf6 15.
Rc1 e5 16. Nxe5 Nxe5 17. dxe5 Be6 18. Qc2 Qxe5 19. b3 c5 20. Bf3 Rac8 21. O-O
c4 22. bxc4 Rxc4 23. Qe2 Rfc8 24. Rxc4 Rxc4 25. Rd1 g6 26. h3 Qc7 27. Nb2 Rc2
28. Rd2 {Diagram #} Rxb2 29. Rxb2 Qc1+ 0-1

[Event "Mechanics' Spring TNM; G/2"]
[Site "San Francisco"]
[Date "2016.03.29"]
[Round "3.3"]
[White "Rudyak, Felix"]
[Black "Shaw, Tenzing Will"]
[Result "0-1"]
[WhiteElo "1953"]
[BlackElo "2292"]
[PlyCount "72"]
[EventDate "2016.??.??"]

1. d4 d5 2. c4 c6 3. Nf3 Nf6 4. e3 e6 5. Nc3 Nbd7 6. cxd5 exd5 7. Bd3 Bd6 8.
O-O O-O 9. a3 Re8 10. b4 Ne4 11. Bb2 Ndf6 12. Ne5 Bf5 13. f3 Nxc3 14. Bxc3 Bg6
15. Bxg6 hxg6 16. Qd3 Re7 17. b5 c5 18. a4 Rc8 19. g4 cxd4 20. exd4 Nd7 21.
Rae1 Nxe5 22. dxe5 Bc5+ 23. Kg2 d4 24. Bd2 Qd5 25. Qe4 Qa2 26. Qd3 Bb6 27. Re2
Qxa4 28. e6 Qc2 29. exf7+ Kf8 30. Bb4 Qxd3 31. Rxe7 Rc2+ 32. Kg1 Bc5 33. Bxc5
Rxc5 34. Rfe1 g5 35. Rxb7 Rc1 36. Rxc1 Qe3+ 0-1

[Event "Mechanics' Spring TNM; G/2"]
[Site "San Francisco"]
[Date "2016.05.03"]
[Round "8.21"]
[White "Rudyak, Felix"]
[Black "Weingarten, Daniel"]
[Result "1-0"]
[WhiteElo "1953"]
[BlackElo "952"]
[Annotator "Donaldson"]
[PlyCount "67"]
[EventDate "2016.??.??"]

1. d4 d5 2. c4 Nf6 3. cxd5 Nxd5 4. e4 Nb6 5. Nf3 Bg4 6. Be2 e6 7. O-O Be7 8.
Nc3 O-O 9. Bf4 Bd6 10. Bg5 Be7 11. Bxe7 Qxe7 12. Rc1 c6 13. Qb3 Rd8 14. Rfd1
N8d7 15. a4 a5 16. Ne5 Bxe2 17. Nxe2 Nxe5 18. Qxb6 Ng4 19. h3 Nf6 20. Ng3 Rdc8
21. Rd3 Ra6 22. Qb3 Rd8 23. Rc5 Qc7 24. d5 $1 Rb6 (24... exd5 25. exd5 g6 $11)
25. Qc2 exd5 (25... Rb4 $1) 26. exd5 Ra6 (26... Rb4 $16) 27. Nf5 $1 Qd7 {
Diagram [#]} 28. Rg3 (28. dxc6 $1 Qxd3 29. Qxd3 Rxd3 30. c7) 28... g6 29. d6
Ne8 $2 (29... Nd5) 30. Qc3 $1 f6 31. Ne7+ Kh8 32. Nxg6+ (32. Rh5 $3) 32... hxg6
33. Rxg6 Qh7 34. Rxf6 1-0

[Event "Mechanics' Winter TNM; G/2"]
[Site "San Francisco"]
[Date "2016.02.02"]
[Round "5.6"]
[White "Rudyak, Felix"]
[Black "Wong, Russell"]
[Result "0-1"]
[WhiteElo "1973"]
[BlackElo "2200"]
[Annotator "Donaldson"]
[PlyCount "68"]
[EventDate "2016.??.??"]

1. d4 Nf6 2. c4 c5 3. d5 e5 4. Nc3 d6 5. e3 Be7 6. Bd3 a6 7. Nge2 O-O 8. O-O
Ne8 9. Qc2 f5 10. Ng3 g6 11. b3 Ng7 12. Bb2 h5 13. f3 (13. f4 $1) 13... Nd7 14.
f4 h4 15. Nh1 Bf6 16. g4 hxg3 17. Nxg3 e4 18. Ngxe4 fxe4 19. Bxe4 Nf5 20. Bxf5
gxf5 21. Rf3 Bg7 22. Rg3 Nf6 23. Qg2 Rf7 24. e4 Ng4 25. h3 Bd4+ 26. Kf1 fxe4
27. Rxg4+ Bxg4 28. Qxg4+ Kf8 29. Ke2 Qf6 30. Nxe4 Re8 31. Kf3 Rxe4 32. Kxe4
Re7+ 33. Kd3 Bxb2 34. Rd1 Qc3# 0-1

[Event "Mechanics' Spring TNM; G/2"]
[Site "San Francisco"]
[Date "2016.04.26"]
[Round "7.28"]
[White "Sachs-Weintraub, J."]
[Black "Cohee, James"]
[Result "1-0"]
[WhiteElo "1369"]
[BlackElo "1673"]
[Annotator "Donaldson"]
[PlyCount "95"]
[EventDate "2016.??.??"]

1. d4 d5 2. Nc3 Bf5 3. g3 e6 4. Bg2 Nf6 5. Nf3 Nbd7 6. Bg5 h6 7. Bf4 c6 8. O-O
Be7 9. Re1 O-O 10. Ne5 Nxe5 11. Bxe5 Qb6 12. Rb1 Rad8 13. e4 dxe4 14. Nxe4 Ng4
15. Qe2 Nxe5 16. dxe5 Rd7 17. b4 Rfd8 18. a3 a5 19. c3 Qa7 20. Rbd1 axb4 21.
axb4 b6 22. Nd2 Bc2 23. Ra1 Qc7 24. Nc4 Bd3 25. Qg4 {Diagram [#]} Bxb4 {
Not bad, but} (25... h5 $1 26. Qf4 g5 {wins a piece.}) 26. Nxb6 Bxc3 27. Nxd7
Qxd7 28. Rad1 Bxe1 29. Rxe1 c5 30. Rd1 Qb5 31. Be4 c4 32. Qf3 Rd4 33. Bxd3 cxd3
34. Qe3 Qb2 35. Rd2 Qb4 36. Kg2 Qb7+ 37. f3 Qd5 38. h3 g5 39. Kf2 Kg7 40. Kg2
Qc5 41. Kf2 Qc3 42. Kg2 Rd5 43. f4 Qc6 44. Kf2 gxf4 45. gxf4 Qc4 46. Qg3+ Kh7
47. Ke3 Rd4 $4 (47... Qc1 $19) 48. Rg2 1-0

[Event "Mechanics' Fall TNM; G/2"]
[Site "San Francisco"]
[Date "2016.11.01"]
[Round "3.38"]
[White "Sachs-Weintraub, J."]
[Black "Crofts, Jacob T"]
[Result "1/2-1/2"]
[WhiteElo "1525"]
[BlackElo "774"]
[PlyCount "103"]
[EventDate "2016.??.??"]

1. d4 d5 2. g3 Nf6 3. Nc3 Bf5 4. Bg2 c6 5. Nf3 e6 6. O-O Nbd7 7. Re1 Ne4 8. Nd2
Ndf6 9. Ndxe4 Nxe4 10. Bf4 Bb4 11. Bd2 Qa5 12. Nxe4 Bxe4 13. Bxb4 Qxb4 14. f3
Bg6 15. b3 O-O-O 16. e3 Qc3 17. Rc1 Rhe8 18. Bf1 e5 19. Bd3 exd4 20. Bxg6 hxg6
21. Qxd4 Qxd4 22. exd4 Kd7 23. f4 Re4 24. c3 Rde8 25. Kf2 a5 26. Rxe4 dxe4 27.
a4 Rb8 28. g4 Kd6 29. c4 b6 30. Ke3 Rh8 31. Kxe4 Rxh2 32. c5+ Kc7 33. Rc3 f6
34. cxb6+ Kxb6 35. d5 cxd5+ 36. Kxd5 Rg2 37. g5 Rd2+ 38. Ke6 fxg5 39. fxg5 Rg2
40. Kf7 Rxg5 41. Kxg7 Rg1 42. Kf6 g5 43. Kf5 g4 44. Kf4 g3 45. Kf3 Kb7 46. Rd3
Kc6 47. Rc3+ Kd5 48. Re3 Kc5 49. Re5+ Kb4 50. Rd5 Kxb3 51. Rxa5 Kb4 52. Ra8
1/2-1/2

[Event "Mechanics' Fall TNM; G/2"]
[Site "San Francisco"]
[Date "2016.12.13"]
[Round "9.21"]
[White "Sachs-Weintraub, J."]
[Black "Newey, Richard"]
[Result "0-1"]
[WhiteElo "1525"]
[BlackElo "1773"]
[Annotator "Donaldson"]
[PlyCount "108"]
[EventDate "2016.??.??"]

1. e4 c5 2. Nf3 d6 3. c4 Nf6 (3... e5) 4. Nc3 Nc6 (4... Bg4 5. d4 Bxf3 6. gxf3
cxd4 7. Qxd4 Nc6) 5. d3 (5. d4 $1 cxd4 6. Nxd4 g6 7. Be2 Nxd4 8. Qxd4 Bg7) 5...
Bg4 6. Be2 e6 (6... g6 7. O-O Bg7 8. Be3 O-O 9. h3 Bxf3 10. Bxf3 Ne8) 7. O-O
Be7 8. Re1 Nd7 9. b3 a6 10. Bb2 Bf6 11. Rb1 Bxf3 12. Bxf3 Bd4 13. Ne2 Bxb2 14.
Rxb2 Qf6 15. Rb1 Nde5 16. Ng3 Nxf3+ 17. Qxf3 Qxf3 18. gxf3 Nb4 19. a3 Nc2 20.
Re2 Nd4 21. Re3 b5 22. Rb2 Ke7 23. Ne2 Nc6 24. f4 g6 25. a4 bxa4 26. bxa4 Rab8
27. Ra2 Rb1+ 28. Kg2 Rhb8 29. Ng3 Nb4 30. Rae2 Ra1 31. f5 e5 32. fxg6 hxg6 33.
h4 Rxa4 34. h5 Rg8 35. hxg6 Rxg6 36. Kf3 Nc6 37. Rb2 Nd4+ 38. Kg2 a5 39. Kh3
Rb4 40. Ra2 a4 41. Re1 Rg8 42. Nf5+ Nxf5 43. exf5 Kf6 44. Rea1 Rb3 45. Ra3 Kxf5
46. Rxb3 axb3 47. Rb1 Rb8 48. Kg3 b2 49. Kf3 f6 50. Ke2 Kf4 51. Kd2 Kf3 52. Kc2
Ke2 53. Rxb2 Rxb2+ 54. Kxb2 Kxd3 0-1

[Event "Mechanics' Spring TNM; G/2"]
[Site "San Francisco"]
[Date "2016.04.05"]
[Round "4.35"]
[White "Sachs-Weintraub, J."]
[Black "Yamamoto, Craig"]
[Result "1/2-1/2"]
[WhiteElo "1369"]
[BlackElo "1617"]
[PlyCount "69"]
[EventDate "2016.??.??"]

1. e4 e5 2. Nf3 Nf6 3. Nxe5 d6 4. Nf3 Nxe4 5. Qe2 Qe7 6. d3 Nf6 7. Bg5 Nbd7 8.
Nbd2 h6 9. Bh4 Qxe2+ 10. Bxe2 Be7 11. O-O O-O 12. Rfe1 Re8 13. Bd1 Kf8 14. Nd4
Bd8 15. Rxe8+ Kxe8 16. Bf3 Ne5 17. Nb5 g5 18. Bg3 Nxf3+ 19. Nxf3 Bd7 20. Nc3
Nh5 21. b3 Nxg3 22. fxg3 c6 23. Ne4 Be7 24. h4 f6 25. c4 f5 26. Nf2 Kf7 27. Kh2
Bf6 28. Re1 Re8 29. Rxe8 Bxe8 30. hxg5 hxg5 31. g4 Bd7 32. gxf5 Bxf5 33. Ne4
Bxe4 34. dxe4 Ke6 35. g4 1/2-1/2

[Event "Mechanics' Fall TNM; G/2"]
[Site "San Francisco"]
[Date "2016.11.15"]
[Round "5.23"]
[White "Sachs-Weintraub, J."]
[Black "Yang, Eric"]
[Result "0-1"]
[WhiteElo "1525"]
[BlackElo "1851"]
[Annotator "Donaldson"]
[PlyCount "50"]
[EventDate "2016.??.??"]

1. e4 c5 2. Bc4 e6 3. Nf3 a6 4. a4 Nc6 5. Nc3 Qc7 6. O-O Nf6 7. Re1 d6 8. d3
Be7 9. Bf4 O-O 10. e5 dxe5 11. Nxe5 Nxe5 12. Bxe5 Qc6 13. Ne4 b6 $2 (13... Nd5)
14. Nxf6+ Bxf6 15. Bxf6 gxf6 16. Qg4+ $1 Kh8 {Diagram #} 17. f3 $2 (17. Qh4 $1
f5 18. Qf6+ Kg8 19. Re3) 17... Rg8 18. Qh4 Qxf3 19. Qe4 Rxg2+ 20. Kh1 Qxe4 21.
Rxe4 Rxc2 22. Rf4 Bb7+ 23. Kg1 Rg8+ 24. Kf1 Rxh2 25. Rxf6 Rgg2 0-1